000 00313nam a2200121Ia 4500
008 191201s2009 xx 000 0 und d
100 _aUPADH, Amit
245 0 _aMicroeconomic and Banking Foundation of Business BBA SEM-2
260 _aN. Delhi
_bVikas Pub
_c2009
300 _a292
650 _aMBA
942 _2ddc
_cBK
999 _c270
_d270